000 00309nam a22001337a 4500
008 171027b xxu||||| |||| 00| 0 eng d
020 _a9781593376093
041 _aeng
080 _a336
100 _a55
101 _aMEN
245 _aFINANCE AND ACCOUNTING FOR ENTREPRENEURS
_cCAPLAN, S
942 _2udc
_cBK
999 _c36008
_d36008